Human behaviour and law enforcement (Record no. 378480)

000 -LEADER
fixed length control field 00459cam a22001577a 4500
008 - FIXED-LENGTH DATA ELEMENTS--GENERAL INFORMATION
fixed length control field 180718b1995 xxu||||| |||| 00| 0 eng d
020 ## - INTERNATIONAL STANDARD BOOK NUMBER
International Standard Book Number 8170246881
082 ## - DEWEY DECIMAL CLASSIFICATION NUMBER
Classification number N2x54 V14h
100 ## - MAIN ENTRY--PERSONAL NAME
Personal name Vadackumchery, James
245 ## - TITLE STATEMENT
Title Human behaviour and law enforcement
Statement of responsibility, etc. by James Vadackumchery and John Kattakayam
260 ## - PUBLICATION, DISTRIBUTION, ETC.
Place of publication, distribution, etc. Delhi
Name of publisher, distributor, etc. Ashish
Date of publication, distribution, etc. 1995
300 ## - PHYSICAL DESCRIPTION
Extent 222p.
650 ## - SUBJECT ADDED ENTRY--TOPICAL TERM
Topical term or geographic name entry element Human behaviour
650 ## - SUBJECT ADDED ENTRY--TOPICAL TERM
Topical term or geographic name entry element Law enforcement - India
700 ## - ADDED ENTRY--PERSONAL NAME
Personal name Kattakayam, John
Holdings
Withdrawn status Lost status Damaged status Not for loan Permanent Location Current Location Date acquired Full call number Barcode Date last seen Price effective from Koha item type
        Indian Institute of Public Administration Indian Institute of Public Administration 1996-03-21 N2x54 V14h 70061 2018-07-21 2018-07-21 Book

Powered by Koha